Vocabulario básico de la historia medieval
Zapisane w:
| 1. autor: | |
|---|---|
| Format: | Książka |
| Język: | hiszpański |
| Wydane: |
Barcelona, España
Crítica
1983
|
| Hasła przedmiotowe: | |
| Etykiety: |
Dodaj etykietę
Nie ma etykietki, Dołącz pierwszą etykiete!
|
MARC
| LEADER | 00000nam a2200000 a 4500 | ||
|---|---|---|---|
| 001 | UCW0212 | ||
| 003 | CL-VaPUC | ||
| 005 | 20210708124315.0 | ||
| 008 | 911030e19830000SP |||||||||||||||||spa|d | ||
| 999 | |c 215437 |d 215435 | ||
| 040 | |c Pontificia Universidad Católica de Valparaíso | ||
| 082 | 0 | 4 | |a 940.1 BON 1983 |2 21 |
| 100 | 0 | |a Bonnassie, Pierre |e autor |9 304165 | |
| 245 | 1 | 0 | |a Vocabulario básico de la historia medieval |
| 260 | |a Barcelona, España |b Crítica |c 1983 | ||
| 300 | |a 246 páginas | ||
| 583 | |a last modification |c 19911030 00:00:00 |k Rodrigo Vera | ||
| 650 | 0 | |a Historia medieval |9 258042 | |
| 942 | |c BK |2 ddc | ||
| 945 | |d 19911030 00:00:00 | ||
| 952 | |0 0 |1 0 |2 ddc |4 0 |6 940_100000000000000_BON_1983 |7 0 |8 A |9 199736 |a BIBHIS |b BIBHIS |d 2019-11-14 |i 2669978 |o 940.1 BON 1983 |p 2669978 |r 2025-01-20 |t 2 |w 2019-11-14 |y BK |k HIS | ||
| 952 | |0 0 |1 0 |2 ddc |4 0 |6 940_100000000000000_BON_1983 |7 0 |8 A |9 199737 |a BIBHIS |b BIBHIS |d 2019-11-14 |i 2669986 |o 940.1 BON 1983 |p 2669986 |r 2025-01-20 |t 4 |w 2019-11-14 |y BK |k HIS | ||
| 952 | |0 0 |1 0 |2 ddc |4 0 |6 940_100000000000000_BON_1983 |7 0 |8 A |9 199738 |a BIBHIS |b BIBHIS |d 2019-11-14 |i 2669994 |o 940.1 BON 1983 |p 2669994 |r 2025-01-20 |t 3 |w 2019-11-14 |y BK |k HIS | ||
| 952 | |0 0 |1 0 |2 ddc |4 0 |6 940_100000000000000_BON_1983 |7 0 |8 A |9 199739 |a BIBHIS |b BIBHIS |d 2019-11-14 |i 2670011 |o 940.1 BON 1983 |p 2670011 |r 2025-01-20 |t 5 |w 2019-11-14 |y BK |k HIS | ||
| 952 | |0 0 |1 0 |2 ddc |4 0 |6 940_100000000000000_BON_1983 |7 0 |8 A |9 199740 |a BIBART |b BIBART |d 2019-11-14 |i 267002K |o 940.1 BON 1983 |p 267002K |r 2025-03-13 |t 1 |w 2019-11-14 |y BK |k ART | ||